How /

HOW es una revista norteamericana especializada en diseño gráfico y comunicación visual, publicada en Estados Unidos por F+W Media, empresa con amplia trayectoria en la edición de publicaciones dirigidas a comunidades creativas y profesionales del diseño. La publicación aborda de manera integral los...

Celý popis

Uloženo v:
Podrobná bibliografie
Médium: Seriál
Jazyk:angličtina
Vydáno: Ohio, EUA : F+W Media, 2016-2018
Témata:
Tagy: Přidat tag
Žádné tagy, Buďte první, kdo vytvoří štítek k tomuto záznamu!

MARC

LEADER 00000nas^a2200000^a^4500
001 000378252
005 20260408131505.0
009 20260526142641.128
022 |a 0886-0483 
037 |a Acervo ITESO - Biblioteca 
041 |a ING 
094 |a 1208 
245 0 0 |a How / 
264 1 |a Ohio, EUA :  |b F+W Media,  |c 2016-2018 
300 |a volúmenes 
310 |a Trimestral 
336 |a texto  |b txt  |2 rdacontenido 
337 |a sin mediación  |b n  |2 rdamedio 
338 |a volumen  |b nc  |2 rdasoporte 
362 0 |a V. 31, N° 2 (verano 2016)-V. 32, N° 4 (invierno 2017-2018) 
520 |a HOW es una revista norteamericana especializada en diseño gráfico y comunicación visual, publicada en Estados Unidos por F+W Media, empresa con amplia trayectoria en la edición de publicaciones dirigidas a comunidades creativas y profesionales del diseño. La publicación aborda de manera integral los procesos creativos, conceptuales y técnicos del diseño gráfico, con énfasis en la comunicación visual aplicada a contextos profesionales, tanto impresos como digitales. Sus contenidos incluyen análisis de proyectos destacados, estudios de caso, tendencias contemporáneas, tipografía, identidad corporativa, innovación visual y la relación entre diseño y estrategia de negocio. Desde una perspectiva práctica y formativa, HOW combina artículos críticos, orientaciones profesionales y ejemplos visuales, lo que la convierte en un recurso relevante para el apoyo a la docencia, la investigación y la formación profesional en áreas como diseño gráfico, comunicación visual, publicidad y disciplinas afines. La hemeroteca de la Biblioteca ITESO conserva una breve colección de esta revista impresa que consta de 6 ejemplares trimestrales publicados entre 2016 y 2017. 
599 |a No vigente 
649 |a XX 
650 |a Diseño Gráfico -  |x Publicaciones Periódicas Norteamericanas -  |x Tema Principal 
650 |a Arte -  |x Publicaciones Periódicas Norteamericanas -  |x Tema Principal 
650 |a Comunicación Visual -  |x Publicaciones Periódicas Norteamericanas 
650 |a Publicaciones Periódicas Norteamericanas 
910 |a Fondo General 
920 |a Impresos - Publicaciones Periódicas 
905 |a 105 
902 |a https://opac.biblio.iteso.mx/vufind/Record/000378252